[Event "XIV American Continental"]
[Site "Sao Paulo BRA"]
[Date "2019.07.06"]
[Round "2.103"]
[White "Caldas, Raphael C B R Leitao"]
[Black "Roverso, Leandro"]
[Result "1/2-1/2"]
[WhiteElo "1421"]
[BlackElo "1932"]
[EventDate "2019.07.05"]
[PlyCount "99"]
[EventRounds "11"]
[EventCountry "BRA"]

1.e4 c5 2.Nf3 a6 3.c3 g6 4.d4 cxd4 5.cxd4 d5 6.exd5 Qxd5 7.Nc3 Qd8 8.Bc4 
Bg7 9.O-O Nf6 10.Re1 O-O 11.Bf4 b5 12.Bb3 Bb7 13.Ne5 Nd5 14.Nxd5 Bxd5 15.
Rc1 Bxb3 16.axb3 Nd7 17.Nc6 Qb6 18.Rxe7 Rac8 19.d5 Qb7 20.Qe2 Bf6 21.Bh6 
Bg7 22.Bxg7 Kxg7 23.h3 Rc7 24.Qe3 Nf6 25.d6 Rxe7 26.Qxe7 Qxe7 27.dxe7 Re8 
28.Rd1 Rc8 29.Rd6 Ne8 30.Rd8 Rxc6 31.Rxe8 Kf6 32.Rh8 Kxe7 33.Rxh7 Rc2 34.
Rh8 Rxb2 35.Ra8 Ra2 36.Kf1 Kd6 37.Ke1 Kc5 38.Rf8 Kb4 39.Rxf7 Kxb3 40.h4 
Kc3 41.g4 Kd3 42.Rd7+ Ke4 43.h5 gxh5 44.gxh5 Ra1+ 45.Ke2 Rh1 46.Ra7 Rxh5 
47.Rxa6 Rc5 48.Re6+ Kf5 49.Rb6 Rd5 50.Ke3 1/2-1/2

[Event "XIV American Continental"]
[Site "Sao Paulo BRA"]
[Date "2019.07.06"]
[Round "2.105"]
[White "Reyes, Jesus"]
[Black "Soares, Paulo Henrique dos Reis"]
[Result "0-1"]
[WhiteElo "1354"]
[BlackElo "1922"]
[EventDate "2019.07.05"]
[PlyCount "162"]
[EventRounds "11"]
[EventCountry "BRA"]

1.e4 c5 2.Nf3 d6 3.d3 Nc6 4.g3 Nf6 5.Bg2 e5 6.O-O Be7 7.Nc3 O-O 8.Nd2 Bg4 
9.Qe1 Nd4 10.f3 Bh5 11.Qd1 d5 12.g4 Bg6 13.exd5 h5 14.Nc4 Bh7 15.Nxe5 Nxd5
16.Nxd5 Qxd5 17.f4 Qe6 18.gxh5 Rad8 19.Kh1 c4 20.Nxc4 Nxc2 21.Qxc2 Bxd3 
22.Qf2 Qxc4 23.Re1 Bb4 24.Rg1 Rfe8 25.Be3 Rxe3 26.Qxe3 Bc5 27.Qg3 Bxg1 28.
Rxg1 Qxa2 29.Qg5 f6 30.Qg3 Qf7 31.h6 g6 32.Rd1 Qd7 33.Qe3 Qd4 34.Qe6+ Kh7 
35.Qe7+ Kxh6 36.Qxb7 Rd7 37.Qb8 Kg7 38.Qb3 Qxf4 39.Rg1 Be4 40.Qh3 Bf5 41.
Qc3 Qd2 42.Qb3 a5 43.Qb5 Qb4 44.Qa6 a4 45.Qc6 Rd2 46.Qc7+ Rd7 47.Qc6 Qf4 
48.Rf1 Qd4 49.Bf3 Kh6 50.Qc8 g5 51.Qh8+ Rh7 52.Qf8+ Kg6 53.Qe8+ Kh6 54.
Qf8+ Rg7 55.Qh8+ Bh7 56.Qe8 g4 57.Bg2 f5 58.Qe6+ Kg5 59.Qe1 Qxb2 60.Qe3+ 
Kg6 61.Qe8+ Kh6 62.Qxa4 Qe5 63.Qc6+ Kg5 64.Qc1+ f4 65.Re1 Qd6 66.Rd1 Qf6 
67.Qc5+ Kh4 68.Qf2+ Kh5 69.Bd5 f3 70.Ba2 Bg8 71.Bb1 Re7 72.Bd3 Bb3 73.Rg1 
Qf4 74.Qc5+ Qe5 75.Qf2 Rd7 76.Bb1 Bd1 77.Re1 Be2 78.Qb6 Qd6 79.Qf2 Qd2 80.
Rg1 Qd4 81.Qxd4 Rxd4 0-1

[Event "XIV American Continental"]
[Site "Sao Paulo BRA"]
[Date "2019.07.07"]
[Round "3.1"]
[White "Sanchez Alvarez, Roberto Carlos"]
[Black "Iturrizaga Bonelli, Eduardo"]
[Result "0-1"]
[WhiteElo "2434"]
[BlackElo "2625"]
[EventDate "2019.07.05"]
[PlyCount "74"]
[EventRounds "11"]
[EventCountry "BRA"]

1.d4 Nf6 2.Nf3 e6 3.c4 b6 4.a3 Ba6 5.Qc2 Bb7 6.Nc3 c5 7.e4 cxd4 8.Nxd4 Bc5
9.Nf3 Nc6 10.b4 Nd4 11.Qd2 Nxf3+ 12.gxf3 Be7 13.Bb2 O-O 14.Rg1 a5 15.b5 a4
16.O-O-O g6 17.e5 Nh5 18.Be2 Bc5 19.Ne4 Bxe4 20.fxe4 Qh4 21.Bf3 Rfd8 22.
Kb1 Ng7 23.Rg3 Rac8 24.h3 Rc7 25.Qc2 Rdc8 26.Rd2 Be3 27.Rd1 Rxc4 28.Qe2 
Bf4 29.Rg4 Qh6 30.Rxd7 Bc1 31.Rg1 Bxb2 32.Qxb2 Qxh3 33.Rd3 Qh4 34.Qd2 Rc2 
35.Qe3 Qxf2 36.Qxf2 Rxf2 37.Rgd1 h5 0-1

[Event "XIV American Continental"]
[Site "Sao Paulo BRA"]
[Date "2019.07.07"]
[Round "3.4"]
[White "Gareev, Timur"]
[Black "Almiron, Antonio"]
[Result "1-0"]
[WhiteElo "2588"]
[BlackElo "2402"]
[EventDate "2019.07.05"]
[PlyCount "57"]
[EventRounds "11"]
[EventCountry "BRA"]

1.Nf3 d5 2.c4 c6 3.g3 g6 4.Qa4 Nd7 5.cxd5 cxd5 6.Bg2 Bg7 7.Nc3 Nf6 8.d4 
O-O 9.Bf4 Nb6 10.Qb3 Nh5 11.Bc1 Nc4 12.O-O Nf6 13.Ne5 Na5 14.Qa3 Re8 15.
Bg5 h6 16.Bxf6 exf6 17.Nd3 Be6 18.Rfc1 Bf8 19.Qa4 Rc8 20.Nf4 Rc4 21.Qd1 
Nc6 22.e3 Ne7 23.Bf1 Rc8 24.Qb3 Qd7 25.Bb5 Nc6 26.Ncxd5 Kg7 27.Nxf6 Kxf6 
28.d5 Na5 29.Qa4 1-0

[Event "XIV American Continental"]
[Site "Sao Paulo BRA"]
[Date "2019.07.07"]
[Round "3.6"]
[White "Mecking, Henrique"]
[Black "Hernandez Sanchez, Jairo Andres"]
[Result "1/2-1/2"]
[WhiteElo "2576"]
[BlackElo "2387"]
[EventDate "2019.07.05"]
[PlyCount "90"]
[EventRounds "11"]
[EventCountry "BRA"]

1.d4 Nf6 2.c4 g6 3.Nc3 Bg7 4.e4 d6 5.f3 O-O 6.Be3 c5 7.Nge2 cxd4 8.Nxd4 
Nc6 9.Be2 Bd7 10.Qd2 Nxd4 11.Bxd4 a5 12.O-O Bc6 13.Nd5 Nd7 14.Bxg7 Kxg7 
15.Kh1 Nc5 16.Rad1 Re8 17.Rfe1 Bxd5 18.exd5 e5 19.dxe6 Rxe6 20.Qd4+ Qf6 
21.Qxf6+ Kxf6 22.Kg1 Ra6 23.Rd2 Rb6 24.Rb1 Na4 25.Bd3 Ke7 26.Kf2 Nc5 27.
Bc2 a4 28.b4 axb3 29.axb3 Rb4 30.Rdd1 Kd7 31.Ra1 Re8 32.Ra3 Kc7 33.Re1 
Rxe1 34.Kxe1 d5 35.cxd5 Rd4 36.Ra8 Rxd5 37.Rh8 h5 38.Rh7 Rd7 39.g4 hxg4 
40.fxg4 Ne6 41.h4 Nd4 42.Bd1 f5 43.Rxd7+ Kxd7 44.gxf5 gxf5 45.Kd2 Ke6 
1/2-1/2

[Event "XIV American Continental"]
[Site "Sao Paulo BRA"]
[Date "2019.07.07"]
[Round "3.11"]
[White "Santos, Marcus Vinicius Moreira"]
[Black "Mekhitarian, Krikor Sevag"]
[Result "1/2-1/2"]
[WhiteElo "2354"]
[BlackElo "2545"]
[EventDate "2019.07.05"]
[PlyCount "72"]
[EventRounds "11"]
[EventCountry "BRA"]

1.d4 Nf6 2.c4 e6 3.Nc3 Bb4 4.e3 O-O 5.Ne2 Re8 6.a3 Bf8 7.Ng3 d5 8.Be2 b6 
9.cxd5 exd5 10.O-O g6 11.Bf3 Bb7 12.b4 h5 13.Qc2 a6 14.Bb2 Nbd7 15.Nge2 
Ne4 16.Nf4 Ndf6 17.Nd3 Bd6 18.Ne5 Qe7 19.Be2 c5 20.bxc5 bxc5 21.Nxe4 Nxe4 
22.f3 Nf6 23.Qd2 Rac8 24.Bd3 c4 25.Bb1 Qe6 26.Bc3 Nd7 27.f4 f5 28.Rf3 Nxe5
29.fxe5 Be7 30.Bc2 Bc6 31.a4 Rf8 32.Raf1 Rf7 33.Rb1 Rff8 34.Rb6 Ra8 35.Rf1
Bd8 36.Rb2 a5 1/2-1/2

[Event "XIV American Continental"]
[Site "Sao Paulo BRA"]
[Date "2019.07.07"]
[Round "3.17"]
[White "Hambleton, Aman"]
[Black "Uribe Arteaga, Daniel"]
[Result "1-0"]
[WhiteElo "2487"]
[BlackElo "2304"]
[EventDate "2019.07.05"]
[PlyCount "89"]
[EventRounds "11"]
[EventCountry "BRA"]

1.c4 d6 2.Nc3 e5 3.g3 f5 4.Bg2 Nf6 5.d3 Be7 6.e4 fxe4 7.dxe4 O-O 8.Nge2 
Be6 9.b3 Qd7 10.h3 Nc6 11.Be3 Bd8 12.Qd2 Ne7 13.Rd1 Ng6 14.Nd5 Nh5 15.c5 
Rf7 16.cxd6 cxd6 17.Nec3 Bh4 18.Qe2 Nhf4 19.gxf4 exf4 20.Bd4 f3 21.Bxf3 
Bxh3 22.Rxh3 Qxh3 23.Bg4 Qg2 24.Be6 Rf8 25.Kd2 Bg5+ 26.Kc2 Qh2 27.f4 Bxf4 
28.Nxf4 Qxf4 29.Rf1 Qg5 30.Rxf7 Rxf7 31.Bxf7+ Kxf7 32.Qc4+ Kf8 33.Qc8+ Kf7
34.Qxb7+ Qe7 35.Qxa7 Qxa7 36.Bxa7 h5 37.Bf2 h4 38.a4 h3 39.Bg3 Ke6 40.Ne2 
d5 41.exd5+ Kxd5 42.Nf4+ Nxf4 43.Bxf4 g5 44.Bb8 g4 45.Kd2 1-0

[Event "XIV American Continental"]
[Site "Sao Paulo BRA"]
[Date "2019.07.07"]
[Round "3.18"]
[White "Cadilhac, Igor Tokuichi Kikuchi"]
[Black "Vazquez Colman, Guillermo"]
[Result "1/2-1/2"]
[WhiteElo "2291"]
[BlackElo "2483"]
[EventDate "2019.07.05"]
[PlyCount "81"]
[EventRounds "11"]
[EventCountry "BRA"]

1.d4 Nf6 2.c4 e6 3.Nc3 Bb4 4.e3 O-O 5.Ne2 Re8 6.a3 Bf8 7.e4 d5 8.e5 Nfd7 
9.c5 b6 10.b4 a5 11.Be3 c6 12.Nf4 axb4 13.axb4 Rxa1 14.Qxa1 bxc5 15.bxc5 
Nxe5 16.dxe5 d4 17.Ne4 dxe3 18.Bd3 Nd7 19.Qc3 g6 20.fxe3 Bg7 21.Qa3 Bxe5 
22.O-O Nf6 23.Nxf6+ Bxf6 24.Be4 Bd7 25.Nd3 Bg7 26.Qa7 Qc8 27.Nb4 Bh6 28.
Kf2 e5 29.Rd1 Bg4 30.Rd6 Bf8 31.Rxc6 Qd8 32.Nd3 Qh4+ 33.Kg1 Bh6 34.Bd5 
Bxe3+ 35.Kh1 Rf8 36.g3 Qd8 37.Rd6 Qg5 38.Qa1 e4 39.Bxe4 Qf5 40.Bg2 Bf3 41.
Qf6 1/2-1/2

[Event "XIV American Continental"]
[Site "Sao Paulo BRA"]
[Date "2019.07.07"]
[Round "3.21"]
[White "Curi Milia, Gabriel"]
[Black "Quintiliano Pinto, Renato R."]
[Result "0-1"]
[WhiteElo "2185"]
[BlackElo "2443"]
[EventDate "2019.07.05"]
[PlyCount "142"]
[EventRounds "11"]
[EventCountry "BRA"]

1.e4 c5 2.Nf3 d6 3.Bb5+ Nd7 4.c3 Nf6 5.Qe2 a6 6.Ba4 b5 7.Bc2 Bb7 8.d4 e6 
9.O-O Be7 10.Nbd2 cxd4 11.cxd4 Qc7 12.Bd3 O-O 13.a4 bxa4 14.Rxa4 a5 15.Rc4
Qb6 16.Rc3 Rfc8 17.Rb3 Qc7 18.Rc3 Qd8 19.Rxc8 Rxc8 20.Ba6 Bxa6 21.Qxa6 Qc7
22.h3 d5 23.e5 Nb8 24.Qb5 Nfd7 25.Nb3 Nc6 26.Bg5 Rb8 27.Qd3 Qb6 28.Nbd2 
Bxg5 29.Nxg5 Nf8 30.Ngf3 Qxb2 31.Rb1 Qa2 32.Rxb8 Nxb8 33.Qb5 Nbd7 34.g3 h6
35.Kg2 a4 36.Nb1 Qc2 37.Qb4 Ng6 38.Nc3 Nb6 39.h4 Nc4 40.Nxa4 Ne3+ 41.Kg1 
Ng4 42.Nd2 Qd1+ 43.Nf1 Nh2 44.Kxh2 Qxf1 45.Qb2 Ne7 46.Nc5 Nc6 47.Nd7 h5 
48.Nb8 Ne7 49.Nd7 Nf5 50.Qb8+ Kh7 51.Nf8+ Kh6 52.Qb2 Qd1 53.Qc3 g6 54.Nd7 
Qxd4 55.Qc1+ Kg7 56.Kg1 Qc4 57.Qg5 Qc7 58.Nf6 Kh8 59.Ne8 Qe7 60.Nf6 Qf8 
61.g4 hxg4 62.Nxg4 Qe7 63.Nf6 Qb4 64.Ng4 Qe7 65.Nf6 Qc7 66.h5 Qxe5 67.hxg6
fxg6 68.Qxg6 Qe1+ 69.Kh2 Qxf2+ 70.Kh3 Qe3+ 71.Kh2 Qh6+ 0-1

[Event "XIV American Continental"]
[Site "Sao Paulo BRA"]
[Date "2019.07.07"]
[Round "3.24"]
[White "Martins, Carlos"]
[Black "Roselli Mailhe, Bernardo"]
[Result "1/2-1/2"]
[WhiteElo "2238"]
[BlackElo "2471"]
[EventDate "2019.07.05"]
[PlyCount "128"]
[EventRounds "11"]
[EventCountry "BRA"]

1.e4 e6 2.d4 d5 3.Nc3 Bb4 4.e5 b6 5.a3 Bf8 6.Bb5+ c6 7.Ba4 a5 8.Nce2 b5 9.
Bb3 c5 10.dxc5 Bxc5 11.Nf3 Ne7 12.Bf4 Ba6 13.c3 Nbc6 14.O-O b4 15.axb4 
axb4 16.Re1 Bxe2 17.Qxe2 O-O 18.Bc2 Ng6 19.Bg3 Qb6 20.h4 bxc3 21.bxc3 Rxa1
22.Rxa1 Qb2 23.Ra6 Nb8 24.Ra4 Qxc3 25.Kh2 Rc8 26.Ng5 Be7 27.Bxg6 hxg6 28.
Nf3 Nc6 29.Qa6 Rb8 30.Bf4 Bd8 31.Bd2 Qc5 32.Be3 Qb5 33.Qxb5 Rxb5 34.Ra6 
Nb8 35.Ra8 Rb7 36.Bc5 Kh7 37.Bd6 Nc6 38.Rc8 Rb6 39.Bc7 Nxe5 40.Nxe5 Bxc7 
41.Rxc7 f6 42.Nd7 Rb4 43.Nf8+ Kh6 44.Nxe6 Rxh4+ 45.Kg3 Re4 46.Nf4 d4 47.f3
Re3 48.Rc8 Kh7 49.Rc7 Kh6 50.Kf2 Ra3 51.Rd7 g5 52.Ne6 d3 53.g4 Ra2+ 54.Ke3
Re2+ 55.Kxd3 Rxe6 56.Rf7 Kg6 57.Rf8 Re7 58.Kd4 Rf7 59.Rd8 f5 60.gxf5+ Kxf5
61.Ke3 g4 62.Rd4 g3 63.Rf4+ Ke6 64.Rg4 Ke5 1/2-1/2

[Event "XIV American Continental"]
[Site "Sao Paulo BRA"]
[Date "2019.07.07"]
[Round "3.25"]
[White "Perdomo, Leandro"]
[Black "Gonzalez, Bolivar Ribeiro"]
[Result "1/2-1/2"]
[WhiteElo "2468"]
[BlackElo "2193"]
[EventDate "2019.07.05"]
[PlyCount "125"]
[EventRounds "11"]
[EventCountry "BRA"]

1.d4 d5 2.c4 c6 3.Nf3 Nf6 4.e3 Bf5 5.cxd5 Nxd5 6.Bc4 e6 7.O-O Nd7 8.Qe2 
N5b6 9.Bb3 Be7 10.Nc3 O-O 11.e4 Bg4 12.Bf4 Re8 13.h3 Bxf3 14.Qxf3 Bg5 15.
Rfd1 Bxf4 16.Qxf4 Qf6 17.Qe3 e5 18.dxe5 Qxe5 19.f4 Qc5 20.Rd4 Rad8 21.Rad1
Nf8 22.Kf2 Rxd4 23.Qxd4 Nfd7 24.Qxc5 Nxc5 25.Bc2 a5 26.b3 Ne6 27.g3 f6 28.
Rd2 Nc5 29.Kf3 g6 30.h4 Kg7 31.Rd6 Re6 32.Rd4 Re7 33.Ke3 Rd7 34.Ne2 Ne6 
35.Rxd7+ Nxd7 36.Bd3 Nec5 37.Bc2 Ne6 38.Nd4 Nec5 39.g4 Kf7 40.g5 fxg5 41.
hxg5 Kg7 42.Nf3 h6 43.gxh6+ Kxh6 44.Bd1 Kg7 45.Nd2 g5 46.fxg5 Kg6 47.Nc4 
b6 48.e5 Kxg5 49.Bf3 Kf5 50.Bg2 Nxe5 51.Nxb6 Kf6 52.Bh3 Na6 53.Kd4 Nf3+ 
54.Kc3 Nb4 55.Kb2 Ne5 56.Bf1 Ke7 57.Na4 Kd6 58.Nc3 Kc7 59.Ne4 Kb6 60.a3 
Nd5 61.Bh3 Nd3+ 62.Kb1 Ne5 63.Bf1 1/2-1/2

[Event "XIV American Continental"]
[Site "Sao Paulo BRA"]
[Date "2019.07.07"]
[Round "3.26"]
[White "Carvalho Fattoruso, Guillermo"]
[Black "Molina, Roberto Junio Brito"]
[Result "0-1"]
[WhiteElo "2162"]
[BlackElo "2464"]
[EventDate "2019.07.05"]
[PlyCount "110"]
[EventRounds "11"]
[EventCountry "BRA"]

1.d4 d5 2.Nf3 Nf6 3.g3 c6 4.Bg2 Bf5 5.O-O h6 6.c4 e6 7.Nc3 Nbd7 8.b3 Be7 
9.Bb2 O-O 10.Nd2 Qa5 11.a3 Rfd8 12.Qc1 Rac8 13.b4 Qc7 14.e4 dxe4 15.Ndxe4 
Nxe4 16.Nxe4 Nf6 17.Qe3 a5 18.Nxf6+ Bxf6 19.Rfd1 Rd7 20.Bc3 axb4 21.axb4 
Rcd8 22.Bf3 Bc2 23.Re1 Bxd4 24.Bxd4 Rxd4 25.Qc3 Bf5 26.Be2 e5 27.Bf1 f6 
28.Re3 Qf7 29.c5 Be6 30.b5 Bd5 31.Rd3 Rxd3 32.Bxd3 cxb5 33.Bxb5 Kh8 34.Bf1
Bc6 35.Bg2 e4 36.Qc2 f5 37.Rd1 Re8 38.Qd2 Re5 39.Qd6 Qe7 40.Bh3 Qe8 41.Qc7
e3 42.Rd8 e2 43.Qxe5 Qxd8 44.Qxe2 Qd5 45.f3 Qxc5+ 46.Kg2 g6 47.Qd2 Kg7 48.
Qb2+ Kf7 49.Qd2 g5 50.Kf1 Bxf3 51.Qd7+ Kf6 52.Qd8+ Ke5 53.Qe8+ Kd4 54.Qd7+
Ke3 55.Qe6+ Be4 0-1

[Event "XIV American Continental"]
[Site "Sao Paulo BRA"]
[Date "2019.07.07"]
[Round "3.28"]
[White "Do Valle Cardoso, Lucas"]
[Black "Escalante Ramirez, Brian Sebastian"]
[Result "0-1"]
[WhiteElo "2132"]
[BlackElo "2447"]
[EventDate "2019.07.05"]
[PlyCount "106"]
[EventRounds "11"]
[EventCountry "BRA"]

1.e4 c5 2.Nf3 d6 3.d4 cxd4 4.Nxd4 Nf6 5.Nc3 Nc6 6.Bc4 Qb6 7.Nde2 e6 8.Bb3 
a6 9.Be3 Qc7 10.h3 b5 11.a3 Bb7 12.g4 Na5 13.Qd3 Rc8 14.Bd4 Nd7 15.Ba2 Ne5
16.Qg3 Be7 17.O-O-O Bxe4 18.f4 Bxh1 19.fxe5 dxe5 20.Bxe5 Qb7 21.Bxg7 Rg8 
22.Be5 Qf3 23.Qg1 Nc6 24.Bg3 Bg2 25.Qb6 Nd8 26.Bc7 Qc6 27.Bxd8 Rxd8 28.
Rxd8+ Bxd8 29.Qd4 Bxh3 30.b4 Bxg4 31.Ng3 Qb6 32.Qd3 Bg5+ 33.Kb2 Qd8 34.
Qxh7 Rf8 35.Qe4 Bh3 36.Qc6+ Qd7 37.Qf3 Rh8 38.Nh5 Bf5 39.Ng7+ Kf8 40.Nxf5 
exf5 41.Nd5 Bh6 42.Bb3 Bg7+ 43.Ka2 Be5 44.Qe3 Qd6 45.Qf3 Qg6 46.Qe3 Qd6 
47.Qf3 f4 48.Qe4 Rh5 49.Qf3 Rg5 50.Qh3 Rg1 51.c3 Qg6 52.Qc8+ Kg7 53.a4 
Qb1+ 0-1

[Event "XIV American Continental"]
[Site "Sao Paulo BRA"]
[Date "2019.07.07"]
[Round "3.29"]
[White "Campelo, Leandro Fabricio"]
[Black "Bittencourt, Jorge"]
[Result "1/2-1/2"]
[WhiteElo "2155"]
[BlackElo "2433"]
[EventDate "2019.07.05"]
[PlyCount "77"]
[EventRounds "11"]
[EventCountry "BRA"]

1.e4 e5 2.Nf3 Nc6 3.Bb5 a6 4.Ba4 Nf6 5.O-O Be7 6.Re1 b5 7.Bb3 d6 8.c3 O-O 
9.h3 Nb8 10.d4 Nbd7 11.Nbd2 Bb7 12.Bc2 Re8 13.Nf1 Bf8 14.Ng3 g6 15.a4 Bg7 
16.Bg5 h6 17.Bd2 Nb6 18.b3 bxa4 19.bxa4 Nc4 20.Bc1 d5 21.Rb1 Bc6 22.dxe5 
Nxe4 23.Nxe4 dxe4 24.Nd4 Bd5 25.Bxe4 Bxe4 26.Rxe4 Nxe5 27.Qe2 c5 28.Nf3 
Nxf3+ 29.Qxf3 Qf6 30.Rxe8+ Rxe8 31.Be3 Qxf3 32.gxf3 Bxc3 33.Bxc5 Re6 34.
Rb8+ Kg7 35.Kg2 Be5 36.Rb7 g5 37.a5 Bc3 38.Bb6 Kg6 39.Ra7 1/2-1/2

[Event "XIV American Continental"]
[Site "Sao Paulo BRA"]
[Date "2019.07.07"]
[Round "3.30"]
[White "Sarkar, Justin"]
[Black "Andrade, Roberto Luiz Costa"]
[Result "1-0"]
[WhiteElo "2389"]
[BlackElo "2123"]
[EventDate "2019.07.05"]
[PlyCount "81"]
[EventRounds "11"]
[EventCountry "BRA"]

1.d4 Nf6 2.c4 e6 3.Nf3 b6 4.Nc3 Bb4 5.Bg5 Bb7 6.Nd2 h6 7.Bh4 c5 8.d5 exd5 
9.cxd5 Qc7 10.f3 Bxc3 11.bxc3 Qe5 12.e4 Qxc3 13.Be2 Ba6 14.Bxa6 Nxa6 15.
O-O Nb4 16.Rc1 Qe3+ 17.Bf2 Qd3 18.Nc4 Qxd1 19.Rfxd1 Nxa2 20.Ra1 Nc3 21.Rd3
Ne2+ 22.Kf1 Nf4 23.Rda3 O-O 24.Nxb6 Rab8 25.Nc4 Rb4 26.Nd6 Rb2 27.g3 Nh3 
28.Bxc5 Rxh2 29.R1a2 Rxa2 30.Rxa2 Ra8 31.f4 g5 32.Kg2 g4 33.Ra6 h5 34.Bd4 
Nh7 35.Nf5 f6 36.Rd6 a5 37.Rxd7 a4 38.d6 a3 39.Rg7+ Kh8 40.d7 Rd8 41.Re7 
1-0

[Event "XIV American Continental"]
[Site "Sao Paulo BRA"]
[Date "2019.07.07"]
[Round "3.31"]
[White "Della Morte, German"]
[Black "Kruger, Israel"]
[Result "1-0"]
[WhiteElo "2359"]
[BlackElo "1869"]
[EventDate "2019.07.05"]
[PlyCount "73"]
[EventRounds "11"]
[EventCountry "BRA"]

1.e4 d5 2.exd5 Qxd5 3.Nc3 Qa5 4.d4 c6 5.Nf3 Nf6 6.Bc4 Bf5 7.Ne5 e6 8.g4 
Be4 9.f3 Bd5 10.Bd3 c5 11.Bd2 cxd4 12.Nxd5 Qxd5 13.Qe2 Bd6 14.Nc4 O-O 15.
g5 Ne8 16.Be4 Qb5 17.Qd3 g6 18.a4 Qd7 19.Nxd6 Nxd6 20.Qxd4 Nxe4 21.Qxe4 
Nc6 22.O-O-O Qd4 23.Bc3 Qxe4 24.fxe4 Rfd8 25.Bf6 Rxd1+ 26.Rxd1 Kf8 27.Rd7 
Rb8 28.c3 Ke8 29.Rc7 a6 30.Kc2 Na7 31.Be5 Nc8 32.Kb3 b5 33.a5 Ra8 34.h3 
Ne7 35.Bd6 Nc8 36.Bc5 Rb8 37.Kc2 1-0

[Event "XIV American Continental"]
[Site "Sao Paulo BRA"]
[Date "2019.07.07"]
[Round "3.32"]
[White "De Borba, Guilherme"]
[Black "Moura, Eduardo Eugenio Chaves"]
[Result "1/2-1/2"]
[WhiteElo "2330"]
[BlackElo "2101"]
[EventDate "2019.07.05"]
[PlyCount "84"]
[EventRounds "11"]
[EventCountry "BRA"]

1.d4 d6 2.c4 Nf6 3.Nc3 Nbd7 4.Nf3 e5 5.Bg5 Be7 6.e3 O-O 7.Be2 c6 8.O-O Re8
9.Qc2 exd4 10.Nxd4 Nc5 11.Rfd1 Nfe4 12.Nxe4 Nxe4 13.Bf4 Bg5 14.Bd3 Bxf4 
15.exf4 Nf6 16.c5 dxc5 17.Qxc5 Qb6 18.Qxb6 axb6 19.Bc4 Bg4 20.f3 Bd7 21.a4
Kf8 22.Kf2 Red8 23.g4 b5 24.axb5 Rxa1 25.Rxa1 cxb5 26.Nxb5 Bxb5 27.Bxb5 
Rd2+ 28.Kg3 Rxb2 29.Bc4 Rb4 30.Ra8+ Ke7 31.Ba2 Ne8 32.f5 h6 33.h3 Rb6 34.
Rb8 Nc7 35.Bc4 Rb4 36.Bd3 Ne8 37.Be4 Nd6 38.Kf4 f6 39.h4 Kf7 40.Rd8 Ke7 
41.Rb8 Kf7 42.Rd8 Ke7 1/2-1/2

[Event "XIV American Continental"]
[Site "Sao Paulo BRA"]
[Date "2019.07.07"]
[Round "3.33"]
[White "Takano, Nicholas Ryo"]
[Black "Salinas Herrera, Pablo"]
[Result "0-1"]
[WhiteElo "2077"]
[BlackElo "2498"]
[EventDate "2019.07.05"]
[PlyCount "100"]
[EventRounds "11"]
[EventCountry "BRA"]

1.e4 c5 2.Nf3 d6 3.d4 cxd4 4.Nxd4 Nf6 5.Nc3 a6 6.Be3 e5 7.Nb3 Be6 8.f3 h5 
9.Qd2 Nbd7 10.Be2 Rc8 11.O-O Be7 12.Rac1 Nb6 13.Kh1 O-O 14.Rfd1 Qc7 15.a4 
Rfd8 16.a5 Nc4 17.Bxc4 Qxc4 18.Bg5 Rd7 19.Qd3 Ng4 20.Qxc4 Rxc4 21.Bxe7 
Nf2+ 22.Kg1 Nxd1 23.Rxd1 Rxe7 24.Rxd6 Rd7 25.Rb6 Rcc7 26.Kf2 Bxb3 27.Rxb3 
Rd2+ 28.Kg3 Rc6 29.Kh3 Rxc2 30.Nd5 R6c5 31.Rxb7 Rxa5 32.Ne7+ Kf8 33.Nf5 
Rb5 34.Ra7 Kg8 35.Ne3 Rcxb2 36.Rxa6 Re2 37.Ra3 Rbb2 38.Kg3 g6 39.h3 Kg7 
40.Rc3 Kh6 41.Ra3 h4+ 42.Kh2 Rb1 43.Ng4+ Kg7 44.Rc3 Ree1 45.Nf2 Re2 46.Ng4
Rf1 47.Ne3 Rxf3 48.Nf5+ gxf5 49.Rxf3 f4 50.Kg1 Rxe4 0-1

[Event "XIV American Continental"]
[Site "Sao Paulo BRA"]
[Date "2019.07.07"]
[Round "3.34"]
[White "Barria Zuniga, Daniel"]
[Black "Caceres, Diego"]
[Result "1/2-1/2"]
[WhiteElo "2379"]
[BlackElo "2087"]
[EventDate "2019.07.05"]
[PlyCount "67"]
[EventRounds "11"]
[EventCountry "BRA"]

1.Nf3 Nf6 2.c4 g6 3.Nc3 Bg7 4.e4 d6 5.d4 O-O 6.Be2 Nbd7 7.e5 Ne8 8.Bf4 c6 
9.Qd2 dxe5 10.dxe5 Nc7 11.O-O-O Ne6 12.Bg3 Qa5 13.Qe3 Qb6 14.Qe4 Ndc5 15.
Qe3 a5 16.Rd2 a4 17.Rhd1 a3 18.b3 Qb4 19.Rc2 Nxb3+ 20.axb3 Nc5 21.Nd4 
Nxb3+ 22.Nxb3 Qxb3 23.Na2 Qa4 24.Qb6 Bf5 25.Bd3 Be6 26.f4 Bg4 27.Rdd2 Qa5 
28.Qxa5 Rxa5 29.Rc3 b5 30.cxb5 cxb5 31.Rc5 Rb8 32.Bc4 Bf5 33.Bb3 Raa8 34.
Rd4 1/2-1/2

[Event "XIV American Continental"]
[Site "Sao Paulo BRA"]
[Date "2019.07.07"]
[Round "3.35"]
[White "Brito, Luismar"]
[Black "Cordero Loup, Ely Daniela"]
[Result "0-1"]
[WhiteElo "2298"]
[BlackElo "2076"]
[EventDate "2019.07.05"]
[PlyCount "124"]
[EventRounds "11"]
[EventCountry "BRA"]

1.b3 e5 2.Bb2 Nc6 3.e3 Nf6 4.c4 d5 5.cxd5 Nxd5 6.a3 Bd6 7.Qc2 O-O 8.Nc3 
Nxc3 9.Bxc3 Qe7 10.Qb2 Nd4 11.Ne2 c5 12.Ng3 f5 13.b4 b6 14.Bc4+ Kh8 15.b5 
Bb7 16.f3 f4 17.O-O-O fxg3 18.hxg3 h6 19.Rde1 Qc7 20.g4 a6 21.a4 axb5 22.
axb5 Ra4 23.d3 Rxc4 24.dxc4 Ne6 25.Rh5 Qf7 26.Bxe5 Bxe5 27.Qxe5 Ng5 28.Qc3
Kg8 29.Reh1 Qe6 30.e4 Ra8 31.Qc2 Qe5 32.Qb2 Qf4+ 33.Kc2 Nxe4 34.Rd1 Nf6 
35.Re5 Qxc4+ 36.Kb1 Bd5 37.Re2 Qa4 38.Kc1 Bb3 39.Rde1 Qc4+ 40.Kb1 Ba2+ 41.
Ka1 Bb3+ 42.Kb1 Qd3+ 43.Kc1 Ra4 44.Qe5 Rc4+ 45.Kb2 Rc2+ 46.Ka1 Qxb5 47.
Rxc2 Bxc2 48.Qc3 Bd3 49.g5 hxg5 50.Qa3 Qc4 51.Qa2 Qxa2+ 52.Kxa2 c4 53.Re5 
g4 54.Rb5 gxf3 55.gxf3 Nd7 56.Rd5 Nf6 57.Rb5 Be2 58.f4 Kf7 59.Rxb6 Nd5 60.
Rb7+ Kf6 61.f5 Bd3 62.Rd7 Ne3 0-1

[Event "XIV American Continental"]
[Site "Sao Paulo BRA"]
[Date "2019.07.07"]
[Round "3.36"]
[White "Almeida Junior, Alvaro Alves de"]
[Black "Filgueiras, Nathan Felipe"]
[Result "0-1"]
[WhiteElo "2076"]
[BlackElo "2259"]
[EventDate "2019.07.05"]
[PlyCount "60"]
[EventRounds "11"]
[EventCountry "BRA"]

1.d4 Nf6 2.c4 e6 3.Nc3 Bb4 4.a3 Bxc3+ 5.bxc3 O-O 6.e3 c5 7.Bd3 Nc6 8.Ne2 
b6 9.O-O Ba6 10.e4 Ne8 11.Ng3 f6 12.f4 cxd4 13.cxd4 Nxd4 14.f5 Nc6 15.Rf4 
Ne5 16.Bf1 Qc7 17.Qh5 Qc5+ 18.Kh1 Bxc4 19.Bb2 Bxf1 20.Raxf1 Nd3 21.h3 Nxf4
22.Rxf4 Qc2 23.Ba1 e5 24.Rh4 Qc1+ 25.Kh2 Qxa1 26.Qxh7+ Kf7 27.Nh5 Qa2 28.
Rg4 Ke7 29.Nxg7 Nxg7 30.Rxg7+ Rf7 0-1

[Event "XIV American Continental"]
[Site "Sao Paulo BRA"]
[Date "2019.07.07"]
[Round "3.37"]
[White "Abdalla, Luiz Guilherme Aurelli"]
[Black "Pereira, Geanfrancesco"]
[Result "1/2-1/2"]
[WhiteElo "2245"]
[BlackElo "2068"]
[EventDate "2019.07.05"]
[PlyCount "77"]
[EventRounds "11"]
[EventCountry "BRA"]

1.d4 Nf6 2.c4 e6 3.Nc3 Bb4 4.Qc2 Nc6 5.Nf3 d5 6.Bg5 O-O 7.a3 Be7 8.e3 h6 
9.Bh4 a6 10.Rc1 Na5 11.cxd5 exd5 12.Ne5 Be6 13.Bd3 c5 14.O-O cxd4 15.exd4 
Rc8 16.Rfd1 Qb6 17.b4 Nc4 18.Bxc4 dxc4 19.d5 Qc7 20.Bg3 Bd6 21.dxe6 Bxe5 
22.Bxe5 Qxe5 23.Re1 Qc7 24.e7 Rfe8 25.Qe2 b5 26.Rcd1 Qb7 27.Ne4 Nxe4 28.
Qxe4 Qxe4 29.Rxe4 f6 30.Re6 c3 31.Kf1 Kf7 32.Rxa6 Rxe7 33.Rad6 Ra7 34.R6d5
Rxa3 35.Rxb5 c2 36.Rc1 Rb3 37.Ke2 Rc4 38.Rc5 Rbxb4 39.Rxc2 1/2-1/2

[Event "XIV American Continental"]
[Site "Sao Paulo BRA"]
[Date "2019.07.07"]
[Round "3.38"]
[White "Mariani, Daniel Brandao"]
[Black "Bouwman, Marcelo Wanderley"]
[Result "0-1"]
[WhiteElo "2062"]
[BlackElo "2234"]
[EventDate "2019.07.05"]
[PlyCount "124"]
[EventRounds "11"]
[EventCountry "BRA"]

1.d4 Nf6 2.c4 g6 3.Nc3 Bg7 4.e4 d6 5.f4 O-O 6.Nf3 c5 7.d5 e6 8.Be2 Re8 9.
e5 dxe5 10.fxe5 Ng4 11.Bg5 Qa5 12.O-O Nd7 13.Ne4 exd5 14.cxd5 Ndxe5 15.
Nxe5 Rxe5 16.Nf6+ Nxf6 17.Bxf6 Bxf6 18.Rxf6 Bf5 19.g4 Rae8 20.gxf5 Rxe2 
21.Re6 R2xe6 22.fxe6 fxe6 23.dxe6 Qb4 24.Qf3 Rxe6 25.Rf1 Qd4+ 26.Rf2 Re1+ 
27.Kg2 Qe4 28.Qxe4 Rxe4 29.Kf3 Re7 30.Rd2 Kf7 31.Rd6 b6 32.Kf2 Re8 33.Rd2 
Re4 34.Kf3 Re5 35.Kf4 Re1 36.a3 Re7 37.Kg5 Re5+ 38.Kf4 Ke6 39.Rd8 Rf5+ 40.
Ke3 Rh5 41.Rd2 Ke5 42.Kf3 Rh3+ 43.Kg4 Rb3 44.Kg5 c4 45.Kh6 Rh3+ 46.Kg7 b5 
47.Rg2 a6 48.Re2+ Kd6 49.Kf6 Kd5 50.Kg5 a5 51.Kf4 Rb3 52.h4 Kd4 53.Rd2+ 
Rd3 54.Re2 Rh3 55.Rd2+ Kc5 56.Kg5 b4 57.axb4+ axb4 58.Kg4 Rd3 59.Rf2 c3 
60.bxc3 bxc3 61.Rf7 h6 62.Rg7 Rd6 0-1